Rome (Record no. 4799)

MARC details
000 -CABECERA
campo de control de longitud fija 01011nam a2200289 a 4500
001 - NÚMERO DE CONTROL
campo de control BRCA_5105
005 - FECHA Y HORA DE LA ÚLTIMA TRANSACCIÓN
campo de control 20190320204936.0
008 - DATOS DE LONGITUD FIJA--INFORMACIÓN GENERAL
campo de control de longitud fija 181110s1905----fr-aa#####---#000-0#fre-#
041 ## - CÓDIGO DE LENGUA
Código de lengua del texto/banda sonora o título independiente fre
044 ## - CÓDIGO DEL PAÍS DE LA ENTIDAD EDITORA/PRODUCTORA
Código MARC del país fr
050 #4 - SIGNATURA TOPOGRÁFICA DE LA BIBLIOTECA DEL CONGRESO
Número de clasificación ND620
Número de documento/Ítem .L33 1905
100 1# - ENTRADA PRINCIPAL--NOMBRE DE PERSONA
Nombre de persona Lafenestre, Georges
9 (RLIN) 13016
245 10 - MENCIÓN DE TÍTULO
Título Rome
Resto del título les musées, les collections particuliéres, les palais
Mención de responsabilidad, etc. par Georges Lafenestre et Eugène Richtenberger.
260 ## - PUBLICACIÓN, DISTRIBUCIÓN, ETC.
Lugar de publicación, distribución, etc. París
Nombre del editor, distribuidor, etc. Librairies-Imprimeries Réunies
Fecha de publicación, distribución, etc. 1905
300 ## - DESCRIPCIÓN FÍSICA
Extensión xvi, 404 p.
Otras características físicas il., 100 láminas
Dimensiones 19 cm.
440 #0 - MENCIÓN DE SERIE/PUNTO DE ACCESO ADICIONAL--TÍTULO
Título Le peinture en Europe
9 (RLIN) 13017
500 ## - NOTA GENERAL
Nota general Incluye índice de abreviaturas e índice alfabético de pintores
500 ## - NOTA GENERAL
Nota general Estado físico: encuadernación deteriorada y primeras hojas sueltas
500 ## - NOTA GENERAL
Nota general E6
504 ## - NOTA DE BIBLIOGRAFÍA, ETC.
Nota de bibliografía, etc. Bibliografía: p. [xiii]-xvi
650 14 - PUNTO DE ACCESO ADICIONAL DE MATERIA--TÉRMINO DE MATERIA
Término de materia o nombre geográfico como elemento de entrada Pintura
Subdivisión geográfica Roma
9 (RLIN) 13018
650 14 - PUNTO DE ACCESO ADICIONAL DE MATERIA--TÉRMINO DE MATERIA
Término de materia o nombre geográfico como elemento de entrada Arte
Subdivisión geográfica Roma
9 (RLIN) 13019
650 14 - PUNTO DE ACCESO ADICIONAL DE MATERIA--TÉRMINO DE MATERIA
Término de materia o nombre geográfico como elemento de entrada Galerías y museos
Subdivisión geográfica Italia
9 (RLIN) 7703
700 1# - PUNTO DE ACCESO ADICIONAL--NOMBRE DE PERSONA
Nombre de persona Richtenberger, Eugène
Término indicativo de función/relación Coautor
9 (RLIN) 13020
902 ## - CATALOGADOR
Iniciales GFM
942 ## - ELEMENTOS DE PUNTO DE ACCESO ADICIONAL (KOHA)
Fuente del sistema de clasificación o colocación Library of Congress Classification
Tipo de ítem Koha Libros
Holdings
Estado de retiro Estado de pérdida Estado dañado No para préstamo Localización permanente Ubicación/localización actual Fecha de adquisición Número de inventario Total de préstamos Signatura topográfica completa Código de barras Fecha visto por última vez Precio válido a partir de Tipo de ítem Koha
El ejemplar forma parte de la colección y puede ser consultado según las políticas vigentes.       Biblioteca del Museo Franz Mayer (Rogerio Casas-Alatriste) Biblioteca del Museo Franz Mayer (Rogerio Casas-Alatriste) 18/11/2010 E6   ND620 .L33 1905 (E6) 5331 22/03/2019 22/03/2019 Libros